| 000 | 01610nam a2200181 i 4500 | ||
|---|---|---|---|
| 001 | 170504 | ||
| 003 | ES-MaACL | ||
| 005 | 20230907160838.0 | ||
| 008 | 090311s19181923sp |||| | spa d | ||
| 110 | 2 |
_aReal Academia Nacional de Medicina (España) _96344 |
|
| 245 | 1 | 0 |
_aDiscursos pronunciados en la Real Academia Nacional de Madicina _b: 1919-1921. |
| 260 |
_aMadrid : _b[s.n.], _c1918 ( _eMadrid : _fImp. Enrique Teodoro) |
||
| 300 |
_a1 v. ; _c27 cm. |
||
| 505 | 8 | _aContiene: Profilaxis de las enfermedades orico-valvulares del corazón / Antonio Simonena y Zabalegui (143 p. + 1h. de gráf.pleg.). Discurso.../ Amalio Gimeno y Cabañas (p. 145- 170). El suicidio, enfermedad social y su tratamiento / Ricardo Pérez Valdés (44 p.). Discurso.../ Carlos María Cortezo (p. 45-58). Estado actual de la doctrina de las secreciones internas / Gregorio Marañón y Pasadillo (111 p.). contestación.../ Gustavo Pittaluga (p. 113-151). Farmacología de las preparaciones galénicas activas de origen vegetal / Manuel Álvarez Ude (74 p.). Contestación.../ Matín Bayod y Martínez (p. 75-87). Patogenia de la úlcera gástrica y duodenal / Teófilo Hernando y Ortega (53 p.). Contestación.../ Manuel Márquez (p. 55-74). La subconciencia / Rafael del Valle y Aldabalde (80 p.). Contestación.../ Ricardo Pérez Valdés (p. 82-105). Ensayos de rejuvenecimiento / León Cardenal y Pujals (67 p.). Algo de estética de la piel / Vicente Gimeno y Rodríguez-Jaén (63 p.). Contestación.../ Ángel Pulido (p. 65-84). | |
| 852 |
_aES-MaACL _9177120 _jK-115 |
||
| 942 | _2udc | ||
| 999 |
_c170504 _d170504 |
||